000 00978nam a22002297a 4500
005 20170529103211.0
010 _a1617EN ENG-116454
020 _a9788123778471
_c260.00
035 _aB-648371-379
035 _aEN-99986
035 _aB-664745
037 _bStar
_adpl
082 _a891.4393
100 _aJeelani Bano
245 _aAiwan-e-ghazal /
_cby Jeelani Bano; translated by Zakia Mashhadi from urdu
260 _aNew Delhi
_bNational Book Trust
_c2016
270 _aNehru Bhawan, 5 Institutional Area, Phase-II, Vasant Kunj,
_bNew Delhi
_e110070
300 _a359p.
_c22cm(pbk)
942 _2ddc
_cEN
_h891.4393
_mJEE
999 _c102142
_d102142